Born in Stuttgart - Statistics

General Stats
  • This quiz has been taken 49 times
  • The average score is 7 of 17
Answer Stats
Hinweis Antwort % Correct
Football manager of Liverpool 1967 Jürgen Klopp
80%
Founder of a company that is known for its high-pressure cleaners 1901 Alfred Kärcher
68%
German national player, FC Chelsea 1996 Timo Werner
68%
former German national player (VfB Stuttgart, Juventus and Real Madrid) 1987 Sami Khedira
61%
German national player, Bayern München 2003 Jamal Musiala
56%
Manager and chairman of Porsche 1943 Wolfgang Porsche
54%
former Minister-president of Baden-Württemberg and European Comissioner 1953 Günter Oettinger
51%
German national player, Bayern München 1995 Serge Gnabry
46%
highly influential philospher, fundamental figure of Western Philosophy and German idealism 1770 Georg Friedrich Hegel
41%
NFL-Player, Fullback for the New England Patriots 1994 Jakob Johnson
34%
Author, "QualityLand" "The Kangaroo Chronicles" 1982 Marc-Uwe Kling
34%
CDU-politician and former President of Germany 1920 Richard von Weizsäcker
27%
Director, "Independence Day" "2012" "White House Down" 1955 Roland Emmerich
27%
Philosopher, sociologist and important member of the Frankfurt School 1895 Max Horkheimer
15%
Turkish national player, Besiktas Istanbul 1994 Kenan Karaman
7%
Actor, "Look Who's Back" "Dark" 1968 Oliver Masucci
5%
Director, "The Divergent Series" "Red" 1968 Robert Schwentke
5%
No matching quizzes found
Score Distribution
Percent of People with Each Score
Percentile by Number Answered
Your Score History
You have not taken this quiz